Code Cracker! XXII Quiz Stats

 Plays Quiz Updated Jan 12, 2019

Support Sporcle.
Go Orange.
Score 0/186 Timer 04:00
1 Play Today
% Correct
✔​
100%
M​
100%
M​
100%
✔​
100%
V​
100%
V​
100%
A​
95.2%
A​
95.2%
A​
95.2%
A​
95.2%
A​
95.2%
A​
95.2%
A​
95.2%
A​
95.2%
A​
95.2%
A​
95.2%
A​
95.2%
A​
95.2%
A​
95.2%
A​
95.2%
A​
95.2%
A​
95.2%
A​
95.2%
A​
95.2%
A​
95.2%
A​
95.2%
A​
95.2%
A​
95.2%
✔​
95.2%
✔​
93.2%
I​
93.2%
I​​
93.2%
I​
93.2%
I​
93.2%
I​
93.2%
I​
93.2%
I​
93.2%
I​
93.2%
I​
93.2%
I​
93.2%
I​
93.2%
I​
93.2%
R
93.1%
R
93.1%
R
93.1%
R
93.1%
R
93.1%
R
93.1%
R
93.1%
R
93.1%
R
93.1%
R
93.1%
R
93.1%
R
93.1%
R
93.1%
R
93.1%
R
93.1%
R
93.1%
R
93.1%
✔​
93.1%
✔​
92.6%
E​
92.6%
% Correct
E​
92.6%
E​
92.6%
E​
92.6%
E​
92.6%
E​
92.6%
E​
92.6%
E​
92.6%
E​
92.6%
E​
92.6%
E​
92.6%
E​
92.6%
E​
92.6%
E​
92.6%
E​
92.6%
E​
92.6%
✔​
92.5%
N​
92.5%
N​
92.5%
N​
92.5%
N​
92.5%
N​
92.5%
N​
92.5%
N​
92.5%
N​
92.5%
N​
92.5%
N​
92.5%
N​
92.5%
✔​
92.3%
T​
92.3%
T​
92.3%
T​
92.3%
T​
92.3%
T​
92.3%
T​
92.3%
T​
92.3%
T​
92.3%
T​
92.3%
T​
92.3%
✔​
91.5%
O​
91.5%
O​
91.5%
O​
91.5%
O​
91.5%
O​
91.5%
O​
91.5%
O​
91.5%
O​
91.5%
O​
91.5%
O​
91.5%
✔​
91.2%
C​
91.2%
C​
91.2%
C​
91.2%
C​
91.2%
C​
91.2%
C​
91.2%
C​
91.2%
✔​
90.8%
S​
90.8%
S​
90.8%
S​
90.8%
S​
90.8%
% Correct
S​
90.8%
S​
90.8%
S​
90.8%
S​
90.8%
S​
90.8%
S​
90.8%
✔​
90.6%
L​
90.6%
L​
90.6%
L​
90.6%
L​
90.6%
L​
90.6%
L​
90.6%
L​
90.6%
L​
90.6%
L​
90.6%
L​
90.6%
L​
90.6%
L​
90.6%
✔​
89%
P​
89%
P​
89%
P​
89%
D
88.9%
D
88.9%
D
88.9%
✔​
88.9%
✔​
87.5%
G​​
87.5%
G​​
87.5%
G​​
87.5%
G​​
87.5%
G​​
87.5%
G​​
87.5%
G​​
87.5%
✔​
86.2%
U​
86.2%
U​
86.2%
U​
86.2%
✔​
85.8%
B​
85.8%
B​
85.8%
✔​
85.7%
H​
85.7%
H​
85.7%
✔​
82.6%
F​
82.6%
✔​
82.5%
K​
82.5%
K​
82.5%
✔​
81.4%
Q​
81.4%
✔​
80.9%
J​
80.9%
✔​
80.8%
Z​
80.8%
✔​
80.2%
Y​
80.2%
✔​
78.9%
X​
78.9%
✔​
76.8%
W​
76.8%

From the Vault

House, Park, Road or Street Songs

by JoeBeta

Music 4m
When in doubt, take the high road.
Remove Ads.
Support Sporcle.
Get the best of Sporcle when you Go Orange. This ad-free experience offers more features, more stats, and more fun while also helping to support Sporcle. Thank you for becoming a member.

Show Comments

Extras

Top Quizzes Today


Score Distribution

Your Account Isn't Verified!

In order to create a playlist on Sporcle, you need to verify the email address you used during registration. Go to your Sporcle Settings to finish the process.

Report this User

Report this user for behavior that violates our Community Guidelines.

Details: